00476nam a2200193Ia 4500001000700000003000500007008004100012010001100053040000900064082001500073100002500088245007100113260003900184300001100223440000500234500000500239503000500244650003300249Z_4392CHAP220113s1965 xx 000 0 und d a167462 cCHAP a612.39 C35 aChance, Britton ed. aControl of energy metabolism /cpor Britton Chance /cet al /c aNew York :bAcademic Press,c1965 a441 p. a a a aEnergía metabólica I. t.